000 00337 a2200145 4500
020 _a969505205
082 _a928
090 _c7166
_d7166
100 _aMumtaz, Mufti
245 _aAli Pur ka Aali
_cMumtaz, Mufti
260 _aLahore
_bAl-Faisal Nashran
_c2010
300 _a967 p.
_c25 cm.
650 _a1. Sawaneh
942 _cBK
_k928 MUM
999 _c10970
_d10970